000 00564nam a2200181 4500
001 116742
003 ES-MaACL
005 20250929063154.0
007 t|
008 061121s1965 sp r ||||1| spa d
100 1 _aPascua, Marcelino,
_d1897-1977
_989336
245 1 0 _aMetodología bioestadística para médicos y oficiales sanitarios /
_cMarcelino Pascua.
260 _aMadrid :
_bPaz Montalvo,
_c1965.
300 _aXV, 627 p. :
_bil ;
_c25 cm.
650 4 _aBiometría.
_9140149
852 _aES-MaACL
_jC-28066
_bR.57412
999 _c116742
_d116742